000 00275nam a2200109Ia 4500
008 190914s9999||||xx |||||||||||||| ||und||
100 _aI.H. Qureshi
245 2 _aA Short History of Pakistan Books One to Four
260 _aIndia
_bOxford
_c2003
300 _a668
942 _cBK
999 _c10023
_d10023